000
00261nam a2200097Ia 4500
005
20251222114401.0
008
251222s1900||||xx |||||||||||||| ||spa||
082
_a
DVD0060/D96
245
0
_a
Le petit monde de Don Camillo:El pequeño mundo de Don Camilo
942
_c
DVD
999
_c
1657
_d
1657